| 000 | 00740nam a2200265 a 4500 | ||
|---|---|---|---|
| 001 | 000012678 | ||
| 003 | DO-SdBNP | ||
| 005 | 20171002092017.0 | ||
| 007 | 000012678 | ||
| 008 | 091116s2004 dr 000 j spa d | ||
| 020 | _a9993461342 | ||
| 040 |
_aBPMSU _bspa _cBPMSU |
||
| 082 | 4 |
_aRD863.44 _bP573s,2004 |
|
| 100 | 1 |
_aPhipps Cueto, Miguel, _d1955- |
|
| 245 | 1 | 3 |
_aEl seno de lo prohibido / _cMiguel Phipps. |
| 250 | _a2a.ed. | ||
| 260 |
_aSanto Domingo : _bBúho, _c2004. |
||
| 300 |
_a73 p. ; _c21 cm. |
||
| 650 | 4 | _aCUENTOS DOMINICANOS | |
| 650 | 4 | _aLITERATURA DOMINICANA | |
| 910 | _aValidado. Control de calidad BNPHU | ||
| 942 |
_2ddc _cBK |
||
| 945 | _aInventario / 2017 VM | ||
| 956 |
_aVMATEO _b10 _c20150505 _lBPMSU _h00151 |
||
| 999 |
_c7782 _d7782 |
||